000 01305nam a2200253Ia 4500
999 _c52523
_d52523
001 19547
003 GE_BSU
005 20200302112650.0
008 181216s1977||||g |||||||||||||| ||geo||
040 _cGE_BSU
041 _ageo
080 _a811.353.1'367 ა-16
100 _aაბზიანიძე, ლ.
_97670
245 _aგარემოებითი დამოკიდებული წინადადებანი საერო ლიტერატურის ადრინდელ ძეგლებში : XII-XIII სს. /
_cლ. აბზიანიძე ; რედ. შ. ძიძიგური.
264 _aთბილისი :
_bმეცნიერება,
_c1977.
300 _a199 გვ. ;
_c21 სმ.
520 _aრეზიუმე რუსულ ენაზე
541 _h2ლ.30თ.
653 _aგარემოებითი დამოკიდებული წინადადება ქართულ ენაში
653 _aქართული ენა
700 _aძიძიგური, შ.
_eრედაქტორი
_92258
710 _aალ. წულუკიძის სახ. ქუთაისის სახელმწ. პედ. ინ-ტი
_97671
942 _cBK
_2udc